Catalog

Record Details

Catalog Search



Zkoumání o lidském rozumu  Cover Image Book Book

Zkoumání o lidském rozumu / David Hume ; [z angličtiny přeložil a předmluvou a poznámkami opatřil Josef Moural]

Hume, David, 1711-1776 (Author). Moural, Josef, 1957- (Translator, Author of introduction, etc.).

Record details

  • ISBN: 80-205-0521-0
  • Physical Description: 235 s. ; 19 cm
  • Edition: Vyd. v tomto překl. 1.
  • Publisher: Praha : Svoboda, 1996

Content descriptions

Bibliography, etc. Note:
Odkazy na lit.
Subject: teorie poznání
filozofie
theory of knowledge
philosophy
Genre: pojednání
essays

Available copies

  • 1 of 1 copy available at Common Catalog SPOK.

Holds

  • 0 current holds with 1 total copy.
Show Only Available Copies
Location Call Number / Copy Notes Barcode Shelving Location Status Due Date
Jabok Library FL-3/Hu 424480000251 Odborná literatura Available -

LDR 01486nam a2200433 a 4500
00115625
003CZ-PrJAB
00520220614140622.0
007tu
008970417s1996 xr e 000 0 cze
015 . ‡acnb000202647
020 . ‡a80-205-0521-0 ‡q(brož.)
035 . ‡a(CZ PrNK)cpk19970202647
035 . ‡a(OCoLC)37252573
040 . ‡aABA001 ‡bcze
0411 . ‡acze ‡heng
072 7. ‡a101 ‡xFilozofie ‡2Konspekt ‡95
080 . ‡a165 ‡2MRF
080 . ‡a101 ‡2MRF
080 . ‡a(049) ‡2MRF
1001 . ‡aHume, David, ‡d1711-1776 ‡7jn19990003749 ‡4aut
24010. ‡aEnquiry concerning human understanding. ‡lČesky
24510. ‡aZkoumání o lidském rozumu / ‡cDavid Hume ; [z angličtiny přeložil a předmluvou a poznámkami opatřil Josef Moural]
250 . ‡aVyd. v tomto překl. 1.
260 . ‡aPraha : ‡bSvoboda, ‡c1996
300 . ‡a235 s. ; ‡c19 cm
4901 . ‡aFilozofické dědictví
504 . ‡aOdkazy na lit.
65007. ‡ateorie poznání ‡7ph116428 ‡2czenas
65007. ‡afilozofie ‡7ph114540 ‡2czenas
65009. ‡atheory of knowledge ‡2eczenas
65009. ‡aphilosophy ‡2eczenas
655 7. ‡apojednání ‡7fd133056 ‡2czenas
655 9. ‡aessays ‡2eczenas
7001 . ‡aMoural, Josef, ‡d1957- ‡7jo20010087044 ‡4trl ‡4aui
830 0. ‡aFilozofické dědictví
910 . ‡aABG312
995 . ‡aska
901 . ‡a15625 ‡bCZ PrNK ‡c15625 ‡tbiblio

Additional Resources